000 00966nam a2200289 i 4500
001 179901
003 ES-MaACL
005 20230927130953.0
008 120222s2011 sp |||| | spa d
020 _a978-84-8136-613-6
080 _a321.727(460)
080 _a322(460)
080 _a32(460)"1975/..."
100 1 _aPuente Ojea, Gonzalo.
_994161
245 1 3 _aLa cruz y la corona
_b: las dos hipotecas de la historia de España /
_cGonzalo Puente Ojea.
250 _a1ª ed. de Txalaparta.
260 _aTafalla, Nafarroa :
_bTxalaparta,
_c2011.
300 _a304 p. ;
_c22 cm.
504 _aBibliografía: p. 303-304.
650 7 _aMonarquía-
_zEspaña.
_915144
650 7 _aIglesia y Estado-
_zEspaña.
_913555
651 7 _aEspaña-
_xPolítica y gobierno-
_y1975-1982.
_98447
852 _aES-MaACL
_9186803
_bR.147185
_jA-11980
_dOlim: N-4985
_cDEPO1
942 _2udc
_cMONOGRAFIA
999 _c179901
_d179901